000 00971cam a2200289 a 4500
008 130902s2000 gw b 000 0bger
020 _a3404143957
040 _aEG-GiCUC
_bger
_cEG-GiCUC
041 _ager
_hdut
050 0 0 _aF2423.S26
_bM35 2000
092 0 4 _a839.313
_bM1652f
_221
099 _a04
_a839.313 M1652f
100 1 _aMc Leod, Cynthia,
_d1936-
240 1 0 _aVolg je hart: Roman.
_lGerman.
245 1 0 _aFolge deinem Herzen :
_broman /
_cCynthia McLeod; Aus dem Niederlandischen von Silke Schmidt.
260 _aBergisch Gladbach:
_bBastei-Lub̈be,
_c2000.
300 _a350 p.;
_c20 cm.
546 _aTranslation of : Volg je hart: Roman.
600 1 0 _aMc Leod, Cynthia,
_d1936-
650 0 _aDutch fiction
_y20th century
_xTranslations into German.
651 0 _aDutch fiction
_xTranslations into German.
902 _a6
905 _aEman
_eRev.
905 _aJamal
_eCat.
942 _2ddc
_cBK
999 _c129920
_d129920